North American Capitals - Sudden Death - Statistics

General Stats
  • This quiz has been taken 435 times
  • The average score is 15 of 19
Answers on the Grid
Answers color-coded by a green-red scale on the quiz's grid according to % correct below.
Atlanta
Basseterre
Belmopan
Bridgetown
Buffalo
Castries
Chicago
Denver
Detroit
Guadalajara
Havana
Kansas City
Kingston
Kingstown
León
Los Angeles
New York City
Nassau
New Orleans
Ottawa
Panama City
Philadelphia
Phoenix
Port of Spain
Port-Au-Prince
Querétaro
Reynosa - McAllen
Richmond
San Jose
San Pedro Sula
San Salvador
Santo Domingo
Seattle
St. George's
St. John's
Tampico
Tegucigalpa
Toluca
Tijuana - San Diego
Toronto
Tucson
Vancouver
Washington D.C.
Xalapa
 
Answer Stats
Answer % Correct
Washington D.C.
90%
Havana
86%
Ottawa
86%
Panama City
86%
Port-Au-Prince
84%
San Salvador
82%
Kingston
81%
Nassau
81%
Santo Domingo
81%
Bridgetown
80%
Port of Spain
76%
San Jose
76%
Belmopan
75%
Kingstown
74%
Basseterre
73%
St. George's
72%
St. John's
69%
Tegucigalpa
69%
Castries
66%
No matching quizzes found
Score Distribution
Percent of People with Each Score
Percentile by Number Answered
Your Score History
You have not taken this quiz